000 00732nam a2200241 a 4500
008
049 _aMAIN
090 _aQA241
_bISA
100 1 _aIsaacs, G. L.
245 1 0 _aReal numbers;
_ba development of the real numbers in an axiomatic set theory /
_c G. L. Isaacs.
260 _aLondon :
_bMcGraw-Hill,
_c1968
300 _aviii, 112 p. ;
_c22 cm.
440 _a European mathematical series.
504 _aIncludes bibliographical references: p. 108-109.
500 _aIncludes index.
650 0 _aSet theory.
650 0 _aNumbers, Real.
907 _a.b10033154
_b25-04-08
_c17-04-03
003
005 20230123133435.0
040 _cNUST
942 _cBOOKS
_kQA241
_mISA
999 _c148621
_d148621